Top 25 Irish Surnames Quiz Stats

 Plays Quiz not verified by Sporcle

Score 0/25 Timer 04:00
0 Plays Today
% Correct
Murphy
61.2%
Smith
47.3%
Kelly
46.1%
O'Connor
38.8%
O'Reilly
32.7%
O'Sullivan
29%
O'Brian
29%
O'Neill
26.9%
Ryan
26.1%
Walsh
23.3%
Byrne
21.6%
McCarthy
21.2%
O'Connell
21.2%
% Correct
Kennedy
20.4%
Lynch
15.5%
Murray
15.5%
Doyle
15.1%
Gallagher
13.5%
Quinn
11.8%
Moore
11%
Connolly
10.6%
Daly
4.5%
O'Carroll
4.1%
O'Doherty
3.7%
McLoughlin
2.9%

You're not logged in!

Compare scores with friends on all Sporcle quizzes.
OR
Log In

Show Comments

Extras

Created Nov 20, 2010ReportNominate
Tags:irish

Top Quizzes Today


Score Distribution

Your Account Isn't Verified!

In order to create a playlist on Sporcle, you need to verify the email address you used during registration. Go to your Sporcle Settings to finish the process.

Report this User

Report this user for behavior that violates our Community Guidelines.

Details: